|
|
|
|
| LEADER |
00000nam0a2200000 4500 |
| 001 |
375222 |
| 005 |
20231101051505.0 |
| 010 |
|
|
|a 5335002166
|
| 020 |
|
|
|a RU
|b 89-68267
|
| 035 |
|
|
|a (RuTPU)RU\TPU\retro\32661
|
| 035 |
|
|
|a RU\TPU\book\226709
|
| 090 |
|
|
|a 375222
|
| 100 |
|
|
|a 20221220d1989 km y0rusy5003 ca
|
| 101 |
0 |
|
|a rus
|
| 102 |
|
|
|a UA
|
| 105 |
|
|
|a a z 001zy
|
| 200 |
1 |
|
|a Расширение технологических возможностей станков с ЧПУ
|f И. М. Шевляков
|
| 210 |
|
|
|a Киев
|c Тэхника
|d 1989
|
| 215 |
|
|
|a 112 с.
|c ил.
|
| 320 |
|
|
|a Библиогр.: с. 110.
|
| 610 |
1 |
|
|a приборостроение
|
| 610 |
1 |
|
|a числовое программное управление
|
| 610 |
1 |
|
|a техническая химия
|
| 610 |
1 |
|
|a технические характеристики
|
| 610 |
1 |
|
|a станки с ЧПУ
|
| 610 |
1 |
|
|a автоматизированные устройства
|
| 610 |
1 |
|
|a технологическое оснащение
|
| 610 |
1 |
|
|a многошпиндельные станки
|
| 610 |
1 |
|
|a загрузка
|
| 610 |
1 |
|
|a промышленные роботы
|
| 675 |
|
|
|a 621.9.06-529
|z rus
|v 3
|
| 700 |
|
1 |
|a Шевляков
|b И. М.
|g Иван Михайлович
|
| 801 |
|
0 |
|a RU
|b RuMRKP
|c 19950417
|g psbo
|
| 801 |
|
1 |
|a RU
|b 63413507
|c 20120127
|
| 801 |
|
2 |
|a RU
|b 63413507
|c 20221220
|g RCR
|
| 942 |
|
|
|c BK
|